000 00902nam a22002177a 4500
005 20130731145523.0
008 130730b xxu||||| |||| 00| 0 eng d
010 _aB-524273
020 _c150.00
035 _aB-524273
037 _bUBH
040 _aDPL
_bhn
082 _a340
100 _aदीवान, पारस
_925423
245 _aआधुनिक मुस्लिम विधि /
_cby पारस दीवान
260 _aइलाहबाद
_bइलाहबाद लॉ एजेंसी
_c2010
270 _a10, Sir P.C.Banerjee Road,
_bAllahabad
_e2
300 _a316पृ.:
_c23सेमी (अजिल्द)
942 _2ddc
_cHN
_mदीवान
_h340
999 _c78238
_d78238